000 00584nam a2200205Ia 4500
005 20231128120044.0
008 131103s9999 xx 000 0 und d
020 _a8185861049
040 _aLoreto College
041 _aEnglish
082 _a396
_bDAT
245 _aNurturing Nature
_b Women at the Centre of Natural and Social Regeneration
_c Edited by Chhaya Datar
260 _aBombay
_bEarthare Books
_c1998
300 _aiii,147 p.
650 _aWomen - Social Conditions
651 _aWomens Studies
700 _aDatar,Chhaya,ed.
850 _aLCLIB
942 _cBK
999 _c11309
_d61788